Vista normal
Vista MARC
Entrada Topical Term
Número de registros utilizados en: 4
001 - CONTROL NUMBER
- control field: 4499
003 - CONTROL NUMBER IDENTIFIER
- control field: OSt
005 - DATE AND TIME OF LATEST TRANSACTION
- control field: 20230915225754.0
008 - FIXED-LENGTH DATA ELEMENTS
- fixed length control field: 230915|| aca||aabn | a|a d
040 ## - CATALOGING SOURCE
- Original cataloging agency: OSt
- Transcribing agency: OSt
150 ## - HEADING--TOPICAL TERM
- Topical term or geographic name entry element: ERASMO DE ROTTERDAM, DESIDERIO 1467 - 1536
670 ## - SOURCE DATA FOUND
- Source citation: Work cat.: (OSt)17882: Zweig, Stefan 5177, Triunfo y tragedia de Erasmo de Rotterdam, 1985